00335nam a2200121Ia 4500008004100000041000800041082001700049100002200066245004400088260004100132300003300173365000700206240624s9999 xx 000 0 und d aeng a658.4063 JAW aJAWADEKAR WAMAN S aREDESIGNING THE BUSINESS ORGANIZATION A c1998aMumbaibJaico Publishing House axviii, : 221 : p. : cm. ; 25 cRS